000 00850nam a22002177a 4500
999 _c11017
_d11017
003 AR-CdUCM
008 190402b ||||| |||| 00| 0 spa d
040 _aMUNICIPALIDAD PROVINCIAL DEL CUSCO
_cBIBLIOTECA MUNICIPAL DEL CUSCO
082 _aES / 802 /
_bG17
100 _aGamarra Gonzales, Rosmery
_928126
245 _aAves sin nido para niños :
_bUna propuesta innovadora y eficaz para incentivar el habito de la lectura comprensiva, en forma creativa, amena, donde el estudiante disfrutará leyendo /
260 _aCusco :
_bTalleres Dgraficos,
_c2013.
300 _a109 paginas ;
_bilustraciones, graficos, dibujos,
_c29 cm.
500 _aTexto Educativa
650 _aComprension lectora
_94534
650 _aRazonamiento verbal
_928127
650 _aGramatica
_99175
650 _aOrtografia
_92067
942 _2ddc
_cLIBROS
945 _apjha